Financial development in the Middle East and North Africa
Gespeichert in:
| Format: | Buch |
|---|---|
| Sprache: | Englisch |
| Veröffentlicht: |
Washington, D.C.
IMF
2003
|
| Schlagworte: | |
| Tags: |
Keine Tags, Fügen Sie das erste Tag hinzu!
|
MARC
| LEADER | 00000nam$a2200000$$$4500 | ||
|---|---|---|---|
| 001 | 0023810 | ||
| 005 | 20240315115256.3 | ||
| 020 | |a 1-58906-231-0 | ||
| 041 | 0 | |a eng | |
| 044 | |a US | ||
| 245 | 1 | 0 | |a Financial development in the Middle East and North Africa |
| 264 | 1 | |a Washington, D.C. |b IMF |c 2003 | |
| 300 | |a 20 s. | ||
| 610 | 2 | 0 | |a rast hospodársky |
| 610 | 2 | 0 | |a rozvoj hospodársky |
| 610 | 2 | 0 | |a financie |
| 610 | 2 | 0 | |a Afrika |
| 610 | 2 | 0 | |a Stredný východ |
| 610 | 2 | 0 | |a sústava finančná |
| 610 | 2 | 0 | |a sústava banková |
| 610 | 2 | 0 | |a porovnanie medzinárodné |
| 610 | 2 | 0 | |a ukazovatele finančné |